| 000 | 00623cam9a220019300 4500 | ||
|---|---|---|---|
| 001 | qcf00175128 | ||
| 005 | 20190830120908.0 | ||
| 008 | 750122s1962 po por u | ||
| 035 | _a(Sirsi) r29157 | ||
| 035 | _a(QCAT)lss00726433 | ||
| 035 | _a(UPRA)qcf00175128 | ||
| 040 | _dUPRA | ||
| 100 | 1 |
_aBarbosa, Alexandre. _6A93481.1 |
|
| 245 | 1 | 0 | _aGuineus: contos, narrativas, cronicas. |
| 260 |
_aLisboa : _bEdic~ao do Autor, _c1962. |
||
| 651 | 0 |
_aGuinea-Bissau -- Social life and customs. _xGuinea-Bissau -- Social life and customs. _6S67017.1 |
|
| 949 |
_aDT613.4 _wlcc _i-31827 _mMAIN _tBOOK _lON-SHELF |
||
| 004 | 29157 | ||
| 999 |
_c196519 _d196519 |
||